The politics of the environment : ideas, activism, policy
Αποθηκεύτηκε σε:
| Κύριος συγγραφέας: | |
|---|---|
| Μορφή: | Βιβλίο |
| Γλώσσα: | English |
| Δημοσίευση: |
Cambridge :
Cambridge University Press,
c2007
|
| Έκδοση: | 2nd ed. |
| Θέματα: | |
| Ετικέτες: |
Προσθήκη ετικέτας
Δεν υπάρχουν, Καταχωρήστε ετικέτα πρώτοι!
|
MARC
| LEADER | 00000nam a2200000 i 4500 | ||
|---|---|---|---|
| 001 | 1/59641 | ||
| 008 | 071019s2007 eng d | ||
| 020 | |a 9-780521-868020 (hbk.) | ||
| 020 | |a 0-521-86802-5 | ||
| 035 | |l 10091693 | ||
| 040 | |a GR-MY-UA |b gre |e aacr | ||
| 041 | 0 | |a eng | |
| 082 | 0 | |a 320.58 |2 (22) | |
| 100 | 1 | |a Carter, Neil |d 1958- | |
| 245 | 1 | 4 | |a The politics of the environment : |b ideas, activism, policy / |c Neil Carter |
| 250 | |a 2nd ed. | ||
| 260 | |a Cambridge : |b Cambridge University Press, |c c2007 | ||
| 300 | |a xxi, 410 σ.; |c 25 εκ. | ||
| 504 | |a Βιβλιογραφία : σ. 363-399. Eυρετήριο | ||
| 650 | 0 | 0 | |a Green movement. |
| 650 | 0 | 0 | |a Environmentalism |x Political aspects. |
| 650 | 0 | 0 | |a Environmental policy. |
| 852 | |a INST |b CHIOS |e 20071019 |h 320.58 CAR |p 005200028548 |q 005200028548 |t BK |y 0 | ||
| 852 | |a INST |b LESVOS |e 20081007 |h 320.58 CAR |p 005100043167 |q 005100043167 |t BK |y 0 | ||
| 852 | |a INST |b RHODES |e 20080422 |h 320.58 CAR |p 005400029255 |q 005400029255 |t BK |y 0 | ||
| 901 | |a BIBL2-2007-3 | ||
| 901 | |a BIBL1-2008-3 | ||
| 909 | |a Χ |b 139785 | ||
| 909 | |a Ρ |b 151775 | ||
| 909 | |a Λ |b 144932 | ||
| 922 | |a 2ΕΛΗ |b 200710 |c ΕΠΕΑΕΚ2/ΤΝΕΥ |d ΠΑΠΑΣΩΤΗΡΙΟΥ | ||
| 922 | |a 1ΕΛΗ |b 200801 |c ΕΠΕΑΕΚ2/ΤΠ |d ΕΛΕΥΘΕΡΟΥΔΑΚΗΣ | ||
| 922 | |a 4ΕΛΗ |b 200803 |c ΕΠΕΑΕΚ2/ΠΤΔΕ |d ΕΛΕΥΘΕΡΟΥΔΑΚΗΣ | ||
| 970 | |a ΒΑΡΦΗΣ |b ΒΑΓΓΕΛΗΣ |z 2007/10/19 | ||